00447nam a22001457a 4500003000500000005001700005008004100022022001400063040000600077082001500083245014400098260004100242300001000283500000800293NUST20170612110656.0170612b xxu||||| |||| 00| 0 eng d 20367-4045 c0 a555.49 MOH aProceeding Of The 3rd Pakistan Geological Congress:bPeshawar University Octorber 27-30, 1997cEdited by Mohammad Majid, S.Shafiq ur Rehman aPeshawarbGeological Bulletin c1997 a336p. aP.B